000 00569cam a2200241 4500
001 4078131
005 20180212031213.0
008 720915s1973 nju b 000 0 eng
010 _a 72008763
020 _a0139363858
040 _aDLC
_cDLC
_dDLC
041 _aeng
043 _an-us-ca
080 _a301.435 HOC
082 0 0 _a301.435 HOC
100 1 _a50
101 _aSOC
245 1 4 _aThe unexpected community.
350 _a$7.95
504 _aBibliography: p. 153-188.
906 _a7
_bcbc
_corignew
_d1
_eocip
_f19
_gy-gencatlg
942 _2ddc
_cBK
999 _c42271
_d42271